000 02107cam a22004934i 4500
003 PE-LiUPU
005 20250731173403.0
008 150706s2002 pe rb 000 0 spa d
020 _a997270131X
035 _a(Sirsi) i9789972701313
040 _aPE-LiUPU
_bspa
_cPE-LiUPU
_erda
049 _aPRUA
082 0 4 _a289.940985
_bO27
_221
100 1 _aOcaña Flores, Martín,
_eautor.
245 1 4 _aLos banqueros de Dios :
_buna aproximación evangélica a la teología de la prosperidad /
_cMartín Ocaña Flores.
264 1 _aLima :
_bEdiciones Puma,
_c2002.
300 _a249 páginas ;
_c21 centímetros
336 _atext
_2rdacontent
337 _aunmediated
_2rdamedia
338 _avolume
_2rdacarrier
504 _aIncluye bibliografía.
505 0 _aAcercamientos a la teología de la prosperidad -- La teología de la prosperidad -- Hermenéutica y teología de la prosperidad -- Desafíos de la fe y práctica de las iglesias evangélicas hoy -- Una propuesta bíblica-teológica a la iglesia evangélica -- Avivamiento espiritual y dones del espíritu -- Vivir según el espíritu .¿del mercado? -- Apuntes para una teología bíblica del bienestar humano.
526 _aSEG42
526 _aSEG41
526 _aSEG40
526 _aSEG39
526 _aP94
526 _aP87
526 _aP86
526 _aP85
526 _aP77
526 _aP76
526 _aP35
541 _g001-0000520;
650 1 4 _aPentecostalismo
_zPerú.
650 2 4 _aSociología cristiana
_zPerú.
650 2 4 _aIglesias pentecostales
_zPerú.
910 _bjv
_clch
_d20110808
942 _2ddc
_cBOOK
949 _a289.940985 O27
_wDEWEY
_c1
_i63245
_lCCODEBUL1
_mBUL
_p9.00
_r0
_sY
_tBOOK
_u2015-7-6
_xTEOLOGIA
_PP35
_o.STAFF. Colección Teología
994 _aC0
_bPEPRU
596 _a1
999 _a289.940985 O27
_wDEWEY
_c52246
_i63245
_d52246
_e2017-9-5
_f2021-11-11
_g5
_lCCODEBUL1
_mBUL
_n3
_p9.00
_r0
_sY
_tBOOK
_u2015-7-6
_xTEOLOGIA
_PP35
_0COMPRA
_o.STAFF. Colección Teología
980 _81
_gALBERTO SANCHEZ Responsable de Automatización